Разрешение и квитанция на перевозку тела графа Дмитрия Андреевича Толстого из Санкт-Петербурга в село Маково

Доступно только в Электронных читальных залах Найти на картеНа карте
RUSMARC
00003803nmc2a22000003x 450
00145d9092f-35ba-465b-85e0-4b1cf9cffb07
00520210216131634.0
100##$a20190617l18891889k l0rusy0189 ca
1010#$arus
102##$aRU
2001#$aРазрешение и квитанция на перевозку тела графа Дмитрия Андреевича Толстого из Санкт-Петербурга в село Маково
$j27-28 апреля 1889 г.
251##$cДело
300##$aПечатные материалы
801#0$aRU
$bРГИА
$c20190617
$gRCR
801#1$aRU
$bГлавНИВЦ
$c20190617
$2rusmarc
801#2$aRU
$bПБ им. Б.Н. Ельцина
$c20210216
$gRCR
$2rusmarc
850##$aРГИА
852##$aРГИА
$eФедеральное казенное учреждение "Российский государственный исторический архив" (РГИА)
$j90
937##$hРГИА
$d12275453
$aASBIBLIO_SCAN
462#0$100155311f1b-2e6f-4c70-be96-c72b0d04bb77
$12001
$aЛичные, служебные и имущественные документы Д.Н. Замятнина и членов его семьи
$1251
$cОпись
$1852
$j1
461#0$1001a0322bb1-e0dc-4259-b4a6-104ea4d3ebc3
$12001
$aЗамятнин Дмитрий Николаевич (1805-1881), обер-прокурор Второго департамента Сената и сенатор, министр юстиции и член Государственного совета
$1251
$cФонд
$1852
$j1568
215##$a2 л.
$d37,5х23 см
371##$aДокумент не является опубликованным и широко распространяемым
105##$ay###
1222#$ad
035##$a45d9092f-35ba-465b-85e0-4b1cf9cffb07
856##$uhttp://readingroom.main.prlib.ru/item.aspx?id_node=n157167124&mode=full
Формат отображения